We Three Kings Lyrics - Statistics

General Stats
  • This quiz has been taken 26 times
  • The average score is 18 of 29
Answer Stats
Lyric % Correct
We Three Kings of {Orient} are,
96%
Following yonder {Star}.
92%
Guide us to Thy perfect {Light}.
92%
O Star of {Wonder}, Star of Night,
83%
Field and {fountain},
79%
Still {proceeding},
79%
Born a King on {Bethlehem} plain
75%
Star with {Royal} {Beauty} bright,
71%
Bearing gifts we {traverse} afar,
67%
{Moor} and mountain,
67%
Over us all to {reign}.
67%
{Westward} leading,
67%
Ceasing {never},
63%
{King} for ever,
63%
{Frankincense} to offer have I,
58%
{Gold} I bring to crown Him again.
58%
{Myrrh} is mine; its bitter perfume
58%
All men {raising},
54%
Bleeding, {dying},
54%
Breathes a life of gathering {gloom};
54%
Sealed in the stone-cold {tomb}.
54%
Glorious now {behold} Him arise,
50%
King, and God, and {Sacrifice};
50%
Hallelujah the {earth} replies.
46%
Heav’n sings {Hallelujah}:
42%
Incense owns a {Deity} nigh:
42%
{Prayer} and praising
42%
Worship Him {God} on High.
42%
{Sorrowing}, sighing,
38%
No matching quizzes found
Score Distribution
Percent of People with Each Score
Percentile by Number Answered
Your Score History
You have not taken this quiz